Understanding computers in a changing society / (Record no. 47906)

MARC details
000 -LEADER
fixed length control field 01059nam a22001937a 4500
008 - FIXED-LENGTH DATA ELEMENTS--GENERAL INFORMATION
fixed length control field 170116b xxu||||| |||| 00| 0 eng d
020 ## - INTERNATIONAL STANDARD BOOK NUMBER
International Standard Book Number 9780538754484
050 ## - LIBRARY OF CONGRESS CALL NUMBER
Classification number QA76.5
Item number .M67 2011
100 ## - MAIN ENTRY--PERSONAL NAME
Personal name Morley, Deborah
245 ## - TITLE STATEMENT
Title Understanding computers in a changing society /
Statement of responsibility, etc Deborah Morley
250 ## - EDITION STATEMENT
Edition statement 4th ed.
260 ## - PUBLICATION, DISTRIBUTION, ETC. (IMPRINT)
Place of publication, distribution, etc Boston, MA :
Name of publisher, distributor, etc Course Technology, Cengage Learning,
Date of publication, distribution, etc 2011.
300 ## - PHYSICAL DESCRIPTION
Extent 1 volume (various pagings) :
Other physical details ill. (chiefly color) ;
Dimensions 27 cm
500 ## - GENERAL NOTE
General note Introduction to the world of computers -- A closer look at<br/>hardware and software -- The internet and world wide web - - Network and internet security -- Computer security and privacy -- Intellectual property rights and ethics -- Health, access, and the environment -- Emerging technologies
520 ## - SUMMARY, ETC.
Summary, etc Presents an integrated, well-balanced look at computers and technology, including the issues and concepts surrounding our constantly changing, computer-oriented society <br/>
650 ## - SUBJECT ADDED ENTRY--TOPICAL TERM
Topical term or geographic name as entry element Computers
650 ## - SUBJECT ADDED ENTRY--TOPICAL TERM
Topical term or geographic name as entry element Electronic data processing
942 ## - ADDED ENTRY ELEMENTS (KOHA)
Source of classification or shelving scheme Library of Congress Classification
Item type Book
Holdings
Withdrawn status Lost status Source of classification or shelving scheme Damaged status Not for loan Collection code Home library Current library Shelving location Date acquired Source of acquisition Cost, normal purchase price Total Checkouts Total Renewals Full call number Barcode Date last borrowed Copy number Price effective from Koha item type
    Library of Congress Classification     Non-fiction Bishop Okullu Memorial Library (Limuru Campus) Bishop Okullu Memorial Library (Limuru Campus) General Circulation 16/01/2017 Donations-BFA 500.00 5 1 QA76.5 .M67 2011 049402 09/02/2019 1 16/01/2017 Book
    Library of Congress Classification     Non-fiction Bishop Okullu Memorial Library (Limuru Campus) Nairobi Campus General Circulation 02/05/2017 Donation-BFA 5000.00 3   QA76.5 .M67 2011 053032 09/03/2022   02/05/2017 Book